000 00927nam a22003017a 4500
001 0107
003 DO-SdBNP
005 20180219102641.0
007 0107
008 151005b1987 sp 00| 0 spa d
020 _a847722109X
040 _aBPMSU
_bspa
_cBPMSU
100 1 _aStevenson, Robin
240 1 0 _aSword of Caesar /
_leng
245 1 3 _aLa espada de César /
_cRobin Stevenson, Bruce Stevenson ; ilustraciones Richard Hescox ; traducción José Ferrer Aleu
260 _aBarcelona :
_bTimun Mas,
_c1987.
300 _a126 p. :
_bil. ;
_c18 cm.
440 _v Ciudades coloniales., Máquina del tiempo ;, 18.
490 1 _aLa máquina del tiempo
_v18
700 1 2 _aStevenson, Bruce
700 1 2 _aFerrer Aleu, José,
_etrad.
700 1 2 _aHescox, Richard
_eil.
830 0 _pLa maquina del tiempo
_n18
910 _a202
942 _2ddc
_cBK
945 _aInventariado, 2018 /LP
956 _aYLOCKWARD
_b10
_c20151110
_d0107
999 _c8612
_d8612